000 00411cam a22001337a 4500
008 180718b1969 xxu||||| |||| 00| 0 eng d
082 _aB5x43 P442
100 _aPetetson, Edward N.
245 _aLimits of Hitler's power
_cby Edward N. Petetson
260 _aNew Jersey
_bPrinceton
_c1969
300 _axxiii,472p
650 _aGermany --Politics and government --1933-1945.
650 _aHitler, Adolf, 1889-1945
999 _c421949
_d421949